000 00609nam a2200265Ia 4500
008 210210b2016 xxu||||| |||| 00| 0 eng d
020 _a9781471101250
041 _aeng
082 _a954.03 WILI
100 _aWILSON (Jon)
245 _aIndia conquered: Britains raj and the chaos of empire
260 _aLondon
_bSimon & Schuster
_c2016
300 _axii,564
650 _athe
650 _araj
650 _aof
650 _aIndia
650 _aempire
650 _aconquered:
650 _achaos
650 _aBritains
650 _aand
690 _aIndian History
906 _a070902
999 _c120306
_d120306